Statistics for Most common Korean last names

Click here to take the quiz!

General Stats

  • This quiz has been taken 5,293 times
  • The average score is 15 of 31

Answer Stats

HintAnswer% Correct
9.93 mlnKim
97%
6.80 mlnLee
94%
3.90 mlnPark
91%
0.70 mlnSeo
80%
1.35 mlnJo
77%
2.23 mlnJeong
65%
2.17 mlnCh'oe
64%
1.04 mlnYu
62%
0.69 mlnJeon
58%
0.42 mlnSon
57%
0.71 mlnOh
54%
1.17 mlnKang
53%
0.30 mlnHeo
51%
0.64 mlnSong
51%
0.44 mlnKo
48%
0.74 mlnIm
46%
0.72 mlnHan
45%
0.94 mlnjang
43%
0.95 mlnyun
43%
0.91 mlnSin
37%
0.37 mlnBae
36%
0.43 mlnMun
36%
0.64 mlnHwang
34%
0.64 mlnAn
33%
0.49 mlnYang
31%
0.26 mlnNam
30%
0.65 mlnKwon
28%
0.29 mlnNo
27%
0.52 mlnHong
25%
0.35 mlnBaek
23%
0.25 mlnSim
19%

Score Distribution

Percentile by Number Answered

Percent of People with Each Score

Your Score History

You have not taken this quiz